Oldies RnB Lyrics - Statistics

General Stats
  • This quiz has been taken 250 times
  • The average score is 7 of 15
Answer Stats
Hint Answer % Correct
No I don't wont no ____ , A Scrub is a guy that can't get no love from me -TLC Scrub
94%
I get so ____ in the knees, I can hardly speak. I'll lose all control -SWK weak
86%
Tell me what you___ ,Tell me what you need- Dru Hill want
78%
You remind me of a girl that I ____ knew, see her face whenever I look at you. -Usher once
76%
Can we ____ for a minute, Girl I want to know your name -Kevin Campbell talk
75%
______, So many things I got to tell you, But I'm afraid I don't know How -Music Soulchild Love
54%
Soon as I get ___ I'll make sweet love you abay I'll do what I gotta do - SWV Home
48%
It's 7 o'clock on the dot I'm in my ____ ___ cruising the streets -Usher Drop Top
44%
If I could turn. Turn back the hands of _____...And my darling you -R Kelly Time
44%
how could I argue with her holding a ____ with eyes like yours -Mary J blige baby
34%
Kick off your shoes and _____ yo feet -SWV Relax
34%
Sweet ____ would you be mine, sweet love for a lifetime -Tyrese Lady
27%
You remind me of my _____ I wanna ride something like my sounds-R KELLY Jeep
15%
All I wanna do is love you I ____ no one above you -Brian Mcknight place
14%
I've been around enough to know ____to know just what I want- Monica enough
5%
No matching quizzes found
Score Distribution
Percent of People with Each Score
Percentile by Number Answered
Your Score History
You have not taken this quiz